| 000 | 00728nam a22002650a 4500 | ||
|---|---|---|---|
| 001 | PT18454 | ||
| 003 | AR-LpoUNG | ||
| 005 | 20250225120831.0 | ||
| 008 | 191001s2000||||sp |||||||||||||||||spa d | ||
| 020 |
_a8425415152 _c$22.33 |
||
| 040 |
_aAR-LpoUNG _bspa _cAR-LpoUNG _eaacr |
||
| 041 | _aspa | ||
| 044 | _asp | ||
| 082 | 0 | _aR413 825dic | |
| 100 | 1 | _aCorripio, Fernando | |
| 245 | 1 | 0 | _aDiccionario de ideas afines |
| 250 | _a7ma. ed. | ||
| 260 |
_aBarcelona : _bHerder, _c2000. |
||
| 300 |
_a912 p. : _bfot. |
||
| 520 | _aDiccionario ideológico, de sinónimos, de antónimos y de significado de palabras. | ||
| 650 | 4 | _aDICCIONARIOS | |
| 650 | 4 | _aMATERIAL DE REFERENCIA | |
| 905 | _a18454 | ||
| 942 |
_cLSALA _2ddc |
||
| 999 |
_c17622 _d17622 |
||